000 00991nam a22002657a 4500
003 dpl
005 20180703154958.0
008 180626b xxu||||| |||| 00| 0 eng d
010 _aB-216591
020 _c00.00
_a9788131300572
035 _aB-216591, B-216601, B-216593
037 _bCen Lib/Ret
040 _aDPL
_bEN
_c0
082 _a796.077
_bTIW
100 _aTiwari, Saket Raman
_922885
245 _aHealth and Physical education :
_cby Saket Raman Tiwari [and]Chhote Lal Rathor;edited by Yogesh Kumar Singh
_bmodified syllabus of Indian universities/training institute and colleges /
260 _aNew Delhi
_bAPH Publishing corporation
_c2008
270 _a4435-36/7,AnsariRoad Darya Ganj
_bNew Delhi
_e110002
300 _a264p.
_c22cm(Hb)
650 _a Hygiene -- education
_973681
650 _aPhysical education and training
_922483
700 _aRathor, Chhote Lal
_973682
700 _aSingh, Yogesh Kumar
_922888
942 _2ddc
_cEN
_h796.077
_mTIW
999 _c128268
_d128268